000 01321nam a2200349Ia 4500
001 ebr10171499
003 CaPaEBR
006 m u
007 cr cn|||||||||
008 060921s2007 nyu sb 001 0 eng d
010 _z 2006050192
020 _z1403975493 (alk. paper)
040 _aCaPaEBR
_cCaPaEBR
035 _a(OCoLC)519345371
043 _an-us---
050 1 4 _aHN90.M6
_bH86 2007eb
082 0 4 _a303.3/72
_222
100 1 _aHunter, Albert.
245 1 0 _aPragmatic liberalism
_h[electronic resource] :
_bconstructing a civil society /
_cby Albert Hunter and Carl Milofsky.
260 _aNew York :
_bPalgrave Macmillan,
_c2007.
300 _axiii, 192 p.
504 _aIncludes bibliographical references and index.
533 _aElectronic reproduction.
_bPalo Alto, Calif. :
_cebrary,
_d2009.
_nAvailable via World Wide Web.
_nAccess may be limited to ebrary affiliated libraries.
650 0 _aSocial ethics
_zUnited States.
650 0 _aCivil society
_zUnited States.
650 0 _aLiberalism
_xMoral and ethical aspects.
650 0 _aCivics.
655 7 _aElectronic books.
_2local
700 1 _aMilofsky, Carl.
710 2 _aebrary, Inc.
856 4 0 _uhttp://site.ebrary.com/lib/rucke/Doc?id=10171499
_zAn electronic book accessible through the World Wide Web; click to view
999 _c138509
_d138509